Biggest Cities where they pay with the Peso on a Map - Statistics

General Stats
  • This quiz has been taken 49 times
  • The average score is 19 of 27
Answers on the Map
Answers color-coded by a green-red scale on the quiz's map according to % correct below.
 
Answer Stats
Pop. Answer % Correct
22.6 mil Mexico City
100%
16.1 mil Buenos Aires
94%
2.2 mil Havana
92%
7.0 mil Santiago
92%
9.6 mil Bogota
89%
5.1 mil Guadalajara
89%
24.6 mil Manila
89%
3.8 mil Santo Domingo
89%
1.9 mil Tijuana
89%
3.9 mil Medellín
86%
4.8 mil Monterrey
86%
1.8 mil Montevideo
86%
3.0 mil Cali
78%
1.6 mil Cordoba
78%
2.0 mil Barranquilla
75%
2.6 mil Cebu
75%
1.5 mil Davao
67%
3.0 mil Puebla
67%
1.3 mil Rosario
67%
1.8 mil León
58%
1.4 mil Angeles
53%
2.2 mil Toluca
47%
1.1 mil Aguascalientes
44%
1.1 mil San Luis Potosí
36%
1.3 mil Querétaro
33%
1.1 mil Bucaramanga
31%
1.3 mil Torreon
31%
No matching quizzes found
Score Distribution
Percent of People with Each Score
Percentile by Number Answered
Your Score History
You have not taken this quiz